Normal view
MARC view
- SADIQ,M.HASAN
Entry Personal Name
001 - CONTROL NUMBER
- control field: 132725
003 - CONTROL NUMBER IDENTIFIER
- control field: NUST
005 - DATE AND TIME OF LATEST TRANSACTION
- control field: 20260106134213.0
008 - FIXED-LENGTH DATA ELEMENTS
- fixed length control field: 260106|| aca||aabn | a|a d
040 ## - CATALOGING SOURCE
- Original cataloging agency: NUST
- Transcribing agency: NUST
100 ## - HEADING--PERSONAL NAME
- Personal name: SADIQ,M.HASAN
670 ## - SOURCE DATA FOUND
- Source citation: Work cat.: (NUST): SADIQ,M.HASAN., THE END OF THE GREAT GAME /, 2016.
